La influencia del Derecho Romano en las modernas relaciones de trabajo
Saved in:
| 主要作者: | |
|---|---|
| 格式: | 圖書 |
| 語言: | 西班牙语 |
| 出版: |
Madrid, España:
Civitas,
1995.
|
| 版: | Primera edición. |
| 叢編: | Cuadernos Civitas.
|
| 主題: | |
| 標簽: |
添加標簽
沒有標簽, 成為第一個標記此記錄!
|
MARC
| LEADER | 00000nam a2200000 a 4500 | ||
|---|---|---|---|
| 001 | UCR1707 | ||
| 003 | CL-VaPUC | ||
| 005 | 20220822114336.0 | ||
| 008 | 971219e19950000SP |||||||||||||||||spa|d | ||
| 999 | |c 265074 |d 265072 | ||
| 020 | |a 84-470-0499-6 | ||
| 040 | |c Pontificia Universidad Católica de Valparaíso | ||
| 082 | 0 | 4 | |a 344.01 GOM 1995 |2 21 |
| 100 | |a Gómez-Iglesias Casal, Ángel |e autor |9 399083 | ||
| 245 | 1 | 3 | |a La influencia del Derecho Romano en las modernas relaciones de trabajo |
| 250 | |a Primera edición. | ||
| 260 | |a Madrid, España: |b Civitas, |c 1995. | ||
| 300 | |a 89 páginas. | ||
| 490 | 0 | |a Cuadernos Civitas. | |
| 500 | |a c.2 Donación Familia Prof. Alejandro Guzmán Brito. | ||
| 583 | |a last modification |c 20170720 04:15:03 |k Rodrigo Vera | ||
| 650 | 0 | |a Derecho laboral |2 CL-VaPUC |9 15 | |
| 650 | 0 | |a Derecho romano |9 255930 | |
| 650 | 0 | |a Relaciones laborales |9 335971 | |
| 650 | 0 | |a Contratos de trabajo |9 254966 | |
| 942 | |c BK |2 ddc |n 0 | ||
| 945 | |d 19971219 00:00:00 |a aolguin | ||
| 952 | |0 0 |1 0 |4 0 |6 344_010000000000000_GOM_1995 |7 0 |8 DER_ROM |9 295863 |a BIBDER |b BIBDER |d 2019-11-20 |i 1480766 |o 344.01 GOM 1995 |p 1480766 |r 2023-01-25 |w 2019-11-20 |x Ubicación 4to piso |y BK |z Este recurso debe solicitarse con anticipación |k DER | ||